Heat and mass transfer (Record no. 5861)

000 -LEADER
fixed length control field 00529nam a2200205 4500
001 - CONTROL NUMBER
control field 5861
003 - CONTROL NUMBER IDENTIFIER
control field BD-DhUET
008 - FIXED-LENGTH DATA ELEMENTS--GENERAL INFORMATION
fixed length control field 700409m19679999is a b 000 0 eng
040 ## - CATALOGING SOURCE
Original cataloging agency DLC
Transcribing agency DLC
Modifying agency BD-DhUET
082 00 - DEWEY DECIMAL CLASSIFICATION NUMBER
Classification number 621.011
Item number ECK/1959
100 ## - MAIN ENTRY--PERSONAL NAME
Personal name Eckert, R. R. G.
245 00 - TITLE STATEMENT
Title Heat and mass transfer
250 ## - EDITION STATEMENT
Edition statement 2nd ed.
260 ## - PUBLICATION, DISTRIBUTION, ETC. (IMPRINT)
Place of publication, distribution, etc. New York
Name of publisher, distributor, etc. McGraw-Hill
Date of publication, distribution, etc. 1959
300 ## - PHYSICAL DESCRIPTION
Extent xiv, 530p.
490 1# - SERIES STATEMENT
Series statement McGraw-Hill series in mechanical engineering
650 #0 - SUBJECT ADDED ENTRY--TOPICAL TERM
Topical term or geographic name as entry element Heat-Transmission
700 ## - ADDED ENTRY--PERSONAL NAME
Personal name Drake, Robert M.
942 ## - ADDED ENTRY ELEMENTS (KOHA)
Koha item type General Book
Holdings
Price effective from Date acquired Koha full call number Withdrawn status Location (home branch) Koha issues (times borrowed) Koha item type Piece designation (barcode) Not for loan Koha date last seen Lost status Koha normalized classification for sorting Damaged status Copy number Koha date last borrowed Shelving location Source of classification or shelving scheme Sublocation or collection (holding branch)
2014-11-292014-11-29621.011/ECK/1959 Central Library, BUET General Book36668 2014-11-29 621_011000000000000_ECK_1959   Circulation section Central Library, BUET
2014-12-032014-12-03621.011/ECK/1959 Central Library, BUET General Book14884 2014-12-03 621_000000000000000_011ECK1959 2 Circulation section Central Library, BUET
2015-04-122015-04-12621.011/ECK/1959 Central Library, BUET General Book11302 2015-04-12 621_011000000000000_ECK_1959 3 Circulation section Central Library, BUET
2015-04-122015-04-12621.011/ECK/1959 Central Library, BUET General Book31276 2015-04-12 621_011000000000000_ECK_1959 4 Circulation section Central Library, BUET
2015-04-122015-04-12621.011/ECK/1959 Central Library, BUET General Book31274 2015-04-12 621_011000000000000_ECK_1959 5 Circulation section Central Library, BUET
2015-04-122015-04-12621.011/ECK/1959 Central Library, BUET General Book31271 2015-04-12 621_011000000000000_ECK_1959 6 Circulation section Central Library, BUET
2015-04-122015-04-12621.011/ECK/1959 Central Library, BUET General Book31272 2015-04-12 621_011000000000000_ECK_1959 7 Circulation section Central Library, BUET
2015-04-132015-04-13621.011/ECK/1959 Central Library, BUET1General Book31277 2021-11-28 621_011000000000000_ECK_1959 82020-03-02Circulation section Central Library, BUET
2015-04-132015-04-13621.011/ECK/1959 Central Library, BUET General Book11301 2015-04-13 621_011000000000000_ECK_1959 9 Circulation section Central Library, BUET
2015-04-132015-04-13621.011/ECK/1959 Central Library, BUET General Book11303 2015-04-13 621_011000000000000_ECK_1959 10 Circulation section Central Library, BUET
2015-04-132015-04-13621.011/ECK/1959 Central Library, BUET General Book24625 2015-04-13 621_011000000000000_ECK_1959 11 Circulation section Central Library, BUET
2015-04-132015-04-13621.011/ECK/1959 Central Library, BUET General Book7652 2015-04-13 621_011000000000000_ECK_1959 12 Circulation section Central Library, BUET
2015-04-132015-04-13621.011/ECK/1959 Central Library, BUET General Book24320 2015-04-13 621_011000000000000_ECK_1959 13 Circulation section Central Library, BUET
2015-04-132015-04-13621.011/ECK/1959 Central Library, BUET General Book24976 2015-04-13 621_011000000000000_ECK_1959 14 Circulation section Central Library, BUET
2015-04-132015-04-13621.011/ECK/1959 Central Library, BUET General Book31275 2015-04-13 621_011000000000000_ECK_1959 15 Circulation section Central Library, BUET
2015-06-162015-06-16621.011/ECK/1959 Central Library, BUET General Book7655 2015-06-16 621_011000000000000_ECK_1959 16 Reading section Central Library, BUET